000 00542nam a2200181Ia 4500
003 IN-BaIIA
008 211028s9999 xx 000 0 eng d
020 _a0-471-59551-9
040 _cIIA Library
080 _a530.1
_bLOW
100 _aLow, F. E.
_922216
245 0 _aClassical field theory
_belectromagnetism and gravitation
_cF. E. Low
260 _aNew York
_bJohn Wiley & Sons
_c1997
300 _axii, 427p.
650 _aElectromagnetism
_9540
650 _aGravitation
942 _cBK
999 _c12683
_d12683